LEADER 01056cam0 2200301 450 001 E600200031934 005 20231127082433.0 100 $a20071128d2005 |||||ita|0103 ba 101 $aita 102 $aIT 200 1 $aCodice della privacy$ecommento alla normativa sulla protezione dei dati personali$fRiccardo Imperiali$gRosario Imperiali 210 $aMilano$cIl Sole 24 ore$d[c2005] 215 $aXXVIII, 1335 p.$d24 cm 225 2 $aI commentati$v1 300 $a(ac) 410 1$1001LAEC00024234$12001 $a*I commentati$v1 610 0$aDiritto alla riservatezza 700 1$aImperiali$b, Riccardo$3A600200045047$4070$0262812 702 1$aImperiali, Rosario$3A600200045048$4070 801 0$aIT$bUNISOB$c20231127$gRICA 850 $aUNISOB 852 $aUNISOB$j340$m136704 912 $aE600200031934 940 $aM 102 Monografia moderna SBN 941 $aM 957 $a340$b006232$gSI$d136704$racquisto$1catenacci$2UNISOB$3UNISOB$420071128111103.0$520231127082433.0$6Spinosa 996 $aCodice della privacy$91601359 997 $aUNISOB